000 00765nam a22002177a 4500
005 20170124110251.0
010 _aA-897105
020 _c00.00
_a8172401116
035 _aA-897105
037 _bCen Lib/Ret
040 _aDPL
_bEN
082 _a332.673
_bSTU
110 _aFederation of Indian Chambers of Commerce & Industry
_998765
245 _aStudy on opportunities for Intra-Regional Investment Coporation amongst SAARC countries /
260 _aDelhi
_bGlobal Business Press
_c1997
270 _bDelhi
_a18-19, Dilshad Garden, G.T.
_e110095
300 _axv, 191p.
_c21cm(Hb)
650 _aGloblisation and business opportunities
_998766
650 _aEconomic cooperation -- World wide
_998767
942 _2ddc
_cEN
_h332.673
_mSTU
999 _c135847
_d135847